Регионална библиотека "Любен Каравелов" - Русе

Момичетата и сексът (Запис номер 55038)

MARC детайли
000 -Лидер
Контролно поле с фиксирана дължина 02229nam a2200445 c 4500
003 - Код на организацията, давaща контролен номер
Контролно поле BLK
005 - Дата и час на последна редакция
Контролно поле 20250618113401.0
008 - Елементи от данни с фиксирана дължина
fixed length control field 180408b bul|||||r ||||||| ||bul||
010 ## - Наследен системен номер
LC control number KNG00059003000
020 ## - Международен стандартен номер на книга ISBN
Международен стандартен номер на книга ISBN 954-742-088-7
-- издат.: Слънце
040 ## - Източник на каталожния запис
Идентификатор на билиотеката - собственик на записа BLK
041 ## - Код за език
Код за езика на текст/звукозапис или на отделно заглавие Български
Код за езика КДБФ Български
080 ## - УДК
Текстов определител УДК Полова просвета
УДК код - определител по УДК 613.88:374
УДК определител -055.25(02.062)
УДК - код + определител 613.88:374-055.25(02.062)
080 ## - УДК
Текстов определител УДК Влияние на възрастта върху различни физиологични процеси - Пубертет (полово съзряване), менструация, менопауза, плодовитост, безплодие, лактация, млечни жлези, климактериум и др.
УДК код - определител по УДК 612.66
УДК определител -055.25(02.062)
УДК - код + определител 612.66-055.25(02.062)
080 ## - УДК
Текстов определител УДК Психология на юношите
УДК код - определител по УДК 159.922.8
УДК определител -055.25(02.062)
УДК - код + определител 159.922.8-055.25(02.062)
100 1# - Редна дума - Автор
Автор Раджишевич, Тина
Авторска отговорност първи автор
R(LIN) 114137
139 ## - Редно поле
Редна дума Раджишевич, Тина
Авторски знак Радевс - Р 13
245 10 - Сведения за заглавието
Заглавие Момичетата и сексът
Редно поле (дума) Тина Раджишевич; прев. от англ. Камелия Емилова.
250 ## - Област на изданието
Сведения за изданието 2. изд.
257 ## - Страна на издаване
Страна на създаване/издаване Великобритания
260 ## - Област на издателските данни
-- София
Име на издателя, разпространителя и проч. Слънце
Година на издаване 2006
Печатница София : Инвестпрес
300 ## - Физическа характеристика
Страници 376 с.
Размери/Мащаб 20 см
380 ## - Жанр
Жанр Медицина
490 1# - СЕРИИ (Колекции)
Име на серия Поредица Книги за тийнейджъри
500 ## - Общи забележки
Забележка Ориг. загл. The bliss love guru's guide to sex / Tina Radziszewicz. - Без сведение за 1. изд. - Предм. показалец
650 #4 - Допълнително описание по предмет – тема
Основно описание – тема или топоним Полово възпитание - на учениците
9 (RLIN) 244657
650 #4 - Допълнително описание по предмет – тема
Основно описание – тема или топоним Пубертет
9 (RLIN) 168476
650 #4 - Допълнително описание по предмет – тема
Основно описание – тема или топоним Полов живот
9 (RLIN) 243701
650 #4 - Допълнително описание по предмет – тема
Основно описание – тема или топоним Момичета - психология и поведение
9 (RLIN) 162635
653 ## - Ключова дума – ненормативна
Ключова дума момичета
653 ## - Ключова дума – ненормативна
Ключова дума полово възпитание
653 ## - Ключова дума – ненормативна
Ключова дума секс
700 1# - Други автори (авторска отговорност)
Лично име Емилова, Камелия
Автороска отговорност (Описва отношението между автора и произведението) прев. от англ.
9 (RLIN) 285937
852 ## - Местоположение
Форматна сигнатура Цб 226903
856 4# - Електронен адрес и достъп
Електронен формат pdf - файл
Път до файла /url/
856 4# - Електронен адрес и достъп
Електронен формат pdf - файл
Път до файла /url/
942 ## - АРТИКУЛИ
Вид на библиотечния материал Книги
Скрит в OPAC Не
Koha issues (borrowed), all copies 4
944 ## - СЪЗДАВАНЕ И РЕДАКЦИЯ на ЗАПИСА
Създаване/Редакция Създаване
Дата на регистрацията/редакция 24.03.2006
Служител, извършил регистрацията/редакцията 30543
Статус, дата на статуса Ива Цветкова
944 ## - СЪЗДАВАНЕ И РЕДАКЦИЯ на ЗАПИСА
Създаване/Редакция Редакция
Дата на регистрацията/редакция 22.02.2010
Служител, извършил регистрацията/редакцията
999 ## - СИСТЕМНИ КОНТРОЛНИ НОМЕРА
Koha biblionumber 55038
Koha biblioitemnumber 55038
Наличности
Код за отписване Код за изгубен артикул Код за повреда Коз за рестрикции Код за отдаване Артикулен № Име на библиотеката - собственик Име на библиотеката, в която се намира в момента Статус (Текущо местоположение) Дата на вписване в системата Местоположение - отдел Цена в лева Инвентарен номер Систематично азбучна сигнатура Баркод Номер на екземпляра Цена в евро Служебна бележка Служебен тип на артикула
  Не е изгубен Не е повреден без рестрикции заемане за дома 86652 Регионална библиотека "Любен Каравелов" Русе Регионална библиотека "Любен Каравелов" Русе Детски отдел 2006-03-24 Детски отдел 9.00 120000700891 Д 613/Р 13 120000700891 1 4.60 Дост: Pk Вид: Ф N: 3 Дата: 24.03.2006 Дата инв: 19.08.2015 Бележки инв: Д2015 Книги
  Не е изгубен Не е повреден без рестрикции ползва се в читалня 86653 Регионална библиотека "Любен Каравелов" Русе Регионална библиотека "Любен Каравелов" Русе Хранилище 2010-01-20 Хранилище 9.00 120000740911 Цб 226903 120000740911 2 4.60 Дост: Dp Вид: Д N: 27 Дата: 23.06.2009 Книги
Vip Innovations Ltd, Rousse, Bulgaria 2025